The notebooks of Don Rigoberto / (Record no. 494)

000 -LEADER
fixed length control field 01140cam a2200349 a 4500
001 - CONTROL NUMBER
control field 2618678
003 - CONTROL NUMBER IDENTIFIER
control field OSt
005 - DATE AND TIME OF LATEST TRANSACTION
control field 20210420064304.0
008 - FIXED-LENGTH DATA ELEMENTS--GENERAL INFORMATION
fixed length control field 980611s1998 nyua 000 1 eng d
010 ## - LIBRARY OF CONGRESS CONTROL NUMBER
LC control number 98070961
020 ## - INTERNATIONAL STANDARD BOOK NUMBER
International Standard Book Number 0374223270
035 ## - SYSTEM CONTROL NUMBER
System control number (OCoLC)39271203
040 ## - CATALOGING SOURCE
Original cataloging agency OT
Transcribing agency OT
Modifying agency MBU
-- DLC
041 1# - LANGUAGE CODE
Language code of text/sound track or separate title eng
Language code of original spa
042 ## - AUTHENTICATION CODE
Authentication code lccopycat
050 04 - LIBRARY OF CONGRESS CALL NUMBER
Classification number PQ8498.32.A65
Item number C8213 1998
080 ## - UNIVERSAL DECIMAL CLASSIFICATION NUMBER
Universal Decimal Classification number 821.111
Item number L-84
082 00 - DEWEY DECIMAL CLASSIFICATION NUMBER
Classification number 863
Edition number 21
100 2# - MAIN ENTRY--PERSONAL NAME
Personal name Vargas Llosa, Mario,
Dates associated with a name 1936-
240 10 - UNIFORM TITLE
Uniform title Cuadernos de don Rigoberto.
Language of a work English
245 14 - TITLE STATEMENT
Title The notebooks of Don Rigoberto /
Statement of responsibility, etc. Mario Vargas Llosa ; translated by Edith Grossman.
250 ## - EDITION STATEMENT
Edition statement 1st American ed.
260 ## - PUBLICATION, DISTRIBUTION, ETC.
Place of publication, distribution, etc. New York :
Name of publisher, distributor, etc. Farrar, Straus and Giroux,
Date of publication, distribution, etc. 1998.
300 ## - PHYSICAL DESCRIPTION
Extent 259 p. :
Other physical details ill. ;
Dimensions 24 cm.
650 #0 - SUBJECT ADDED ENTRY--TOPICAL TERM
9 (RLIN) 254
Topical term or geographic name entry element English literature
653 ## - INDEX TERM--UNCONTROLLED
Uncontrolled term ინგლისური ლიტერატურა
700 1# - ADDED ENTRY--PERSONAL NAME
Personal name Grossman, Edith,
Dates associated with a name 1936-
906 ## - LOCAL DATA ELEMENT F, LDF (RLIN)
a 7
b cbc
c copycat
d 2
e opcn
f 19
g y-gencatlg
942 ## - ADDED ENTRY ELEMENTS (KOHA)
Source of classification or shelving scheme
Koha item type Books
Holdings
Withdrawn status Lost status Source of classification or shelving scheme Damaged status Not for loan Permanent location Current location Date acquired Inventory number Total Checkouts Full call number Barcode Date last seen Price effective from Koha item type
          Ken Walker International University Ken Walker International University 11/27/2020 714   821.111 L-84 714 11/27/2020 11/27/2020 Books

Powered by Koha